[Event "HUN Team League Ch. Csongrad Region"]
[Site "Csongrád County"]
[Date "2015.11.22"]
[Round "5.1"]
[White "Miko, Valer"]
[Black "Oravecz, Matyas"]
[Result "1-0"]
[WhiteElo "2078"]
[BlackElo "1727"]
[PlyCount "39"]
[EventDate "2015.09.20"]

1. e4 e5 2. Bc4 Nf6 3. d4 d6 4. dxe5 dxe5 5. Bxf7+ Ke7 6. Qxd8+ Kxd8 7. Bg5 Bc5
8. Nc3 Ke7 9. Bb3 Be6 10. Nf3 Bxb3 11. axb3 Nc6 12. Nd5+ Kf7 13. Bxf6 gxf6 14.
Nxc7 Nb4 15. O-O-O Rac8 16. Rd7+ Kg6 17. Nh4+ Kg5 18. Nf5 Bb6 19. Ne6+ Kh5 20.
Rg7 1-0

[Event "HUN Team League Ch. Csongrad Region"]
[Site "Csongrád County"]
[Date "2015.11.22"]
[Round "5.1"]
[White "Imreh, Csanad"]
[Black "Farkas, Sandor"]
[Result "0-1"]
[WhiteElo "1764"]
[BlackElo "1836"]
[PlyCount "136"]
[EventDate "2015.09.20"]

1. d4 Nf6 2. c4 g6 3. Nf3 Bg7 4. Nc3 O-O 5. e4 d6 6. h3 Nbd7 7. Be3 e5 8. d5 a6
9. Qd2 Re8 10. Bg5 Nc5 11. Bd3 Nxd3+ 12. Qxd3 h6 13. Be3 Bd7 14. Qd2 Kh7 15. g4
Ng8 16. g5 h5 17. h4 b5 18. cxb5 axb5 19. b4 c6 20. dxc6 Bxc6 21. Rd1 Re6 22.
Qe2 Qb8 23. Qc2 Qb7 24. Nd2 Ne7 25. Nb3 Be8 26. Na5 Qa6 27. Nd5 Nxd5 28. Rxd5
Rc8 29. Qe2 Re7 30. Qd2 Rd7 31. O-O Bf8 32. Rc1 Rdc7 33. Rxc7 Rxc7 34. f4 Qc8
35. Qg2 Rc2 36. Rd2 Rxd2 37. Bxd2 Qc2 38. Be3 Qd1+ 39. Kh2 Bd7 40. fxe5 Bg4 41.
Qf2 Bf3 42. Qg1 Qe2+ 43. Qf2 Qxf2+ 44. Bxf2 Bxe4 45. a3 dxe5 46. Bc5 Bg7 47.
Be7 Bd5 48. Kg3 Kg8 49. Kf2 Bf8 50. Bc5 f5 51. gxf6 Kf7 52. Ke3 Bh6+ 53. Kd3
Kxf6 54. a4 bxa4 55. b5 e4+ 56. Ke2 Bf4 57. b6 Ke6 58. b7 Bb8 59. Ke3 Ke5 60.
Bb4 Ba7+ 61. Ke2 g5 62. hxg5 h4 63. g6 Kf6 64. Bd6 h3 65. b8=Q Bxb8 66. Bxb8 a3
67. Kd2 a2 68. g7 a1=Q 0-1

[Event "HUN Team League Ch. Csongrad Region"]
[Site "Csongrád County"]
[Date "2015.11.22"]
[Round "5.1"]
[White "Toth, Sandor Sr"]
[Black "Karpati, Zoltan Dr"]
[Result "1/2-1/2"]
[WhiteElo "1789"]
[BlackElo "1730"]
[PlyCount "129"]
[EventDate "2015.09.20"]

1. d4 d5 2. c4 c6 3. Nc3 e6 4. Bf4 Bd6 5. Bxd6 Qxd6 6. e3 dxc4 7. Bxc4 Nf6 8.
Nf3 Nbd7 9. O-O O-O 10. Rc1 b6 11. Bd3 Bb7 12. Bb1 c5 13. Qe2 Bxf3 14. Qxf3
cxd4 15. Rfd1 e5 16. exd4 exd4 17. Nb5 Qd5 18. Qxd5 Nxd5 19. Rxd4 N5f6 20. g3
Rfc8 21. Rxc8+ Rxc8 22. Bf5 Rc1+ 23. Kg2 Nf8 24. Nxa7 g6 25. Be4 Nxe4 26. Rxe4
Rc2 27. Rb4 Nd7 28. a3 Kf8 29. Nb5 Ke7 30. h4 h5 31. Nd4 Rd2 32. Kf3 Rd1 33.
Ke2 Rb1 34. Nc2 Kd6 35. Ne3 Kc5 36. Kd2 Kc6 37. Kc2 Re1 38. Kd2 Rb1 39. Rc4+
Kd6 40. Kc3 Re1 41. Rf4 f6 42. Nc4+ Ke6 43. Kb4 g5 44. hxg5 fxg5 45. Rf3 Re4
46. Kb5 Rxc4 47. Re3+ Kd5 48. Rf3 Rc5+ 49. Ka6 Kc6 50. b4 Rd5 51. Rc3+ Kd6 52.
f4 gxf4 53. gxf4 h4 54. Rh3 Rh5 55. Kb7 Rh7 56. Ka6 Kc7 57. a4 Rh6 58. Kb5 Kd6
59. a5 bxa5 60. bxa5 Kc7 61. Kc4 Nf8 62. Kd4 Ng6 63. Ke4 Rh5 64. Kf3 Rf5 65.
Kg4 1/2-1/2

[Event "HUN Team League Ch. Csongrad Region"]
[Site "Csongrád County"]
[Date "2015.11.22"]
[Round "5.1"]
[White "Filep, Miklos Sr"]
[Black "Fridrik, Richard"]
[Result "0-1"]
[WhiteElo "1584"]
[BlackElo "1694"]
[PlyCount "104"]
[EventDate "2015.09.20"]

1. f4 d5 2. b3 c5 3. Bb2 Nc6 4. Nf3 Bg4 5. e3 e6 6. Bb5 Nf6 7. O-O Bd6 8. Bxc6+
bxc6 9. Qe1 Bxf3 10. Rxf3 O-O 11. d3 Nd7 12. Nd2 f6 13. e4 e5 14. f5 Bc7 15. c4
Ba5 16. Qe2 Bxd2 17. Qxd2 a5 18. g4 Nb6 19. h4 dxe4 20. Rg3 exd3 21. Rxd3 Qe7
22. Rd1 a4 23. Rd6 axb3 24. axb3 Qb7 25. Qg2 Nc8 26. Rxc6 Qxb3 27. Rd2 Qxc4 28.
Rc7 Ra7 29. Rxa7 Nxa7 30. Rc2 Qb3 31. Rxc5 Qe3+ 32. Qf2 Qxf2+ 33. Kxf2 Rc8 34.
Ba3 Rxc5 35. Bxc5 Nb5 36. Ke3 Kf7 37. Ke4 Nc3+ 38. Kd3 Nd5 39. Ke4 Nc7 40. Kd3
g6 41. Ke4 gxf5+ 42. Kxf5 Ne6 43. Be3 Ng7+ 44. Ke4 Ke6 45. h5 Ne8 46. h6 Nd6+
47. Kf3 Kf7 48. Bc5 Ne8 49. Ke4 Kg6 50. Be3 Nd6+ 51. Kd5 Nf7 52. Ke6 Nxh6 0-1

[Event "HUN Team League Ch. Csongrad Region"]
[Site "Csongrád County"]
[Date "2015.11.22"]
[Round "5.1"]
[White "Papp, Bence"]
[Black "Nagy, Dominik Noel"]
[Result "1-0"]
[WhiteElo "1657"]
[BlackElo "1476"]
[PlyCount "85"]
[EventDate "2015.09.20"]

1. e4 c5 2. Nf3 d6 3. d4 cxd4 4. Nxd4 Nf6 5. Nc3 g6 6. Be3 Bg7 7. Bc4 O-O 8. f3
Qc7 9. Bb3 Nc6 10. Qd2 a6 11. g4 Bd7 12. O-O-O e5 13. Nde2 Rfd8 14. Na4 Rac8
15. Bb6 Qb8 16. Bxd8 Rxd8 17. h4 Bc8 18. Nb6 Bxg4 19. fxg4 Nxg4 20. Qd5 Qc7 21.
Nc4 Nf2 22. Nxd6 Nxd1 23. Qxf7+ Qxf7 24. Nxf7 Rf8 25. Rxd1 h5 26. Nxe5+ Kh7 27.
Nxc6 bxc6 28. Rd7 Kh8 29. Bf7 Bh6+ 30. Kb1 g5 31. hxg5 Bxg5 32. e5 h4 33. Ng1
Kg7 34. e6 a5 35. Nh3 Bf6 36. Nf4 Kh7 37. e7 Bxe7 38. Rxe7 Kg7 39. Bc4+ Kh6 40.
Re4 h3 41. Nxh3 Rf3 42. Re8 Kh5 43. Be2 1-0

[Event "HUN Team League Ch. Csongrad Region"]
[Site "Csongrád County"]
[Date "2015.11.22"]
[Round "5.2"]
[White "Kiss, Balazs Janos"]
[Black "Kurucsai, Andras"]
[Result "1-0"]
[WhiteElo "1912"]
[BlackElo "1723"]
[PlyCount "109"]
[EventDate "2015.09.20"]

1. d4 d5 2. Bf4 Nf6 3. e3 e6 4. Nf3 Bd6 5. Bg3 O-O 6. Bd3 b6 7. Nbd2 Bb7 8. c3
Ne4 9. Bh4 Qe8 10. Ng5 f5 11. f4 Nd7 12. Ndxe4 fxe4 13. Be2 Nf6 14. Bg3 c5 15.
Qb3 Bc6 16. a4 c4 17. Qc2 h6 18. Nh3 a6 19. b4 Bd7 20. a5 b5 21. Kd2 Qe7 22.
Qb2 Be8 23. Bh4 Qc7 24. g4 Nh7 25. Bg3 Ra7 26. Rag1 Kh8 27. Bf2 Qb8 28. g5 hxg5
29. Nxg5 Nxg5 30. Rxg5 Rf5 31. Rg2 Bh5 32. Rhg1 Raf7 33. Kd1 Bf8 34. Rg5 g6 35.
Bxh5 gxh5 36. Qe2 Rxg5 37. Rxg5 Rh7 38. Rxh5 Qe8 39. Rxh7+ Kxh7 40. Qg4 Qg6 41.
h3 Be7 42. Ke2 Kh6 43. Kf1 Kh7 44. Kg2 Kh6 45. Kg3 Qf5 46. Qg8 Qg6+ 47. Qxg6+
Kxg6 48. Kg4 Bf8 49. h4 Be7 50. h5+ Kh7 51. Bh4 Bd6 52. f5 exf5+ 53. Kxf5 Kh6
54. Ke6 Kxh5 55. Kxd6 1-0

[Event "HUN Team League Ch. Csongrad Region"]
[Site "Csongrád County"]
[Date "2015.11.22"]
[Round "5.2"]
[White "Nagy, Zoltan"]
[Black "Csuri, Laszlo"]
[Result "0-1"]
[WhiteElo "1705"]
[BlackElo "1968"]
[PlyCount "42"]
[EventDate "2015.09.20"]

1. c4 Nf6 2. Nc3 c5 3. Nf3 Nc6 4. d4 cxd4 5. Nxd4 g6 6. Nxc6 bxc6 7. Qc2 Bg7 8.
Bd2 O-O 9. Rc1 d5 10. e3 e5 11. e4 d4 12. Na4 Nd7 13. Bd3 Re8 14. f3 Nf8 15.
O-O Ne6 16. Rcd1 Nf4 17. Bxf4 exf4 18. c5 Re5 19. b4 Rh5 20. Qf2 Qg5 21. Rd2
Qh6 0-1

[Event "HUN Team League Ch. Csongrad Region"]
[Site "Csongrád County"]
[Date "2015.11.22"]
[Round "5.2"]
[White "Ver, Imre"]
[Black "Papp, Zoltan"]
[Result "1-0"]
[WhiteElo "1865"]
[BlackElo "1848"]
[PlyCount "67"]
[EventDate "2015.09.20"]

1. d4 d5 2. Nf3 Nf6 3. Bg5 Bf5 4. e3 e6 5. Bd3 Bg6 6. Ne5 Nbd7 7. Bxg6 hxg6 8.
Nxd7 Qxd7 9. Nd2 Bd6 10. h3 Qb5 11. Bxf6 gxf6 12. b3 Bb4 13. a4 Qa5 14. Qe2 c6
15. Rd1 Rc8 16. O-O Bxd2 17. Qxd2 Qxd2 18. Rxd2 c5 19. Rc1 Ke7 20. c4 cxd4 21.
exd4 Rc6 22. c5 b6 23. b4 bxc5 24. dxc5 Rhc8 25. Rdc2 Kd7 26. b5 R6c7 27. a5
Rb8 28. Rb1 e5 29. Kf1 d4 30. Rc4 f5 31. f3 Ke6 32. b6 axb6 33. Rxb6+ Rxb6 34.
axb6 1-0

[Event "HUN Team League Ch. Csongrad Region"]
[Site "Csongrád County"]
[Date "2015.11.22"]
[Round "5.2"]
[White "Heintz, Sebestyen"]
[Black "Sipos, Kalman"]
[Result "1/2-1/2"]
[WhiteElo "1740"]
[BlackElo "1816"]
[PlyCount "93"]
[EventDate "2015.09.20"]

1. e4 c5 2. Nf3 Nc6 3. Bc4 e6 4. O-O g6 5. e5 d5 6. exd6 Qxd6 7. c3 Bg7 8. d3
Nge7 9. Be3 O-O 10. Nbd2 b6 11. Ne4 Qc7 12. Qd2 Nf5 13. Bg5 f6 14. Bf4 Qd7 15.
Rfe1 Kh8 16. h4 e5 17. Be3 Na5 18. a3 Bb7 19. Ba2 Rad8 20. Rad1 Qa4 21. Qc1
Bxe4 22. dxe4 Nxe3 23. Rxd8 Rxd8 24. Qxe3 Qc2 25. Qe2 Qa4 26. Bd5 Qd7 27. Qa6
Rc8 28. Kh2 Nc6 29. Qa4 Nb8 30. Qxd7 Nxd7 31. Be6 Rc7 32. Bxd7 Rxd7 33. a4 Rd3
34. c4 Bh6 35. Rb1 a5 36. Kg1 Kg8 37. Kf1 Kf7 38. Ke2 Rd6 39. Rd1 Ke6 40. Rxd6+
Kxd6 41. g4 Bc1 42. b3 h6 43. Nh2 Ke6 44. f3 f5 45. Kf2 Bf4 46. Nf1 Kf6 47. Ng3
1/2-1/2

[Event "HUN Team League Ch. Csongrad Region"]
[Site "Csongrád County"]
[Date "2015.11.22"]
[Round "5.2"]
[White "Abraham, Lajos"]
[Black "Gabor, Geza"]
[Result "1-0"]
[WhiteElo "1766"]
[BlackElo "1695"]
[PlyCount "57"]
[EventDate "2015.09.20"]

1. Nf3 Nc6 2. d4 d5 3. h3 Bf5 4. a3 e6 5. e3 Bd6 6. Bd3 Bxd3 7. Qxd3 Nf6 8. Nc3
O-O 9. O-O a6 10. Re1 h6 11. e4 dxe4 12. Nxe4 Nxe4 13. Rxe4 Re8 14. Bd2 Qf6 15.
Rae1 Rad8 16. Qb3 Ne7 17. c4 c5 18. dxc5 Bxc5 19. Bc3 Rd3 20. Qc2 Rxc3 21. bxc3
Qf5 22. Qa4 Nc6 23. Re5 b5 24. Rxf5 bxa4 25. Rxc5 Ne7 26. Ra5 Ra8 27. Rxa4 Ng6
28. c5 Nf4 29. Rxf4 1-0

[Event "HUN Team League Ch. Csongrad Region"]
[Site "Csongrád County"]
[Date "2015.11.22"]
[Round "5.2"]
[White "Balogh, Mihaly"]
[Black "Bartos, Ferenc"]
[Result "0-1"]
[WhiteElo "1485"]
[BlackElo "1817"]
[PlyCount "66"]
[EventDate "2015.09.20"]

1. e4 e5 2. Bc4 Nc6 3. Nf3 Bc5 4. c3 Nf6 5. d4 exd4 6. cxd4 Bb4+ 7. Bd2 Bxd2+
8. Nbxd2 O-O 9. e5 d5 10. Be2 Ne4 11. O-O Bg4 12. Nb3 Kh8 13. Nfd2 Nxd2 14.
Qxd2 Bxe2 15. Qxe2 Ne7 16. Rac1 c6 17. f4 f5 18. Nc5 Qc8 19. Rc3 Ng8 20. Re3
Re8 21. Rff3 b6 22. Nd3 Re6 23. Rh3 Nh6 24. Nf2 c5 25. Rc3 Qf8 26. Rhd3 c4 27.
Rg3 b5 28. Qf3 Rd8 29. h3 a5 30. Nd1 b4 31. Rc1 a4 32. Kh2 Qe7 33. Qh5 Qa7 0-1

[Event "HUN Team League Ch. Csongrad Region"]
[Site "Csongrád County"]
[Date "2015.11.22"]
[Round "5.2"]
[White "Kadnar, Emil"]
[Black "Magony, Milan"]
[Result "1-0"]
[WhiteElo "1670"]
[BlackElo "1270"]
[PlyCount "79"]
[EventDate "2015.09.20"]

1. e4 e6 2. Nf3 d5 3. exd5 exd5 4. d4 Nf6 5. Be3 Nc6 6. Bd3 Bg4 7. Nbd2 Bd6 8.
h3 Bxf3 9. Nxf3 O-O 10. O-O Nb4 11. a3 Nxd3 12. Qxd3 Re8 13. b4 a6 14. c4 dxc4
15. Qxc4 b5 16. Qc2 a5 17. Qb3 axb4 18. axb4 Rxa1 19. Rxa1 c6 20. Rc1 Qd7 21.
Qc2 Re6 22. Ng5 Re7 23. Qxc6 Qxc6 24. Rxc6 Bxb4 25. Rb6 Ne4 26. Rb8+ Re8 27.
Rxe8+ Bf8 28. Nxe4 h6 29. d5 f5 30. Bc5 Kf7 31. Rxf8+ Kg6 32. Nc3 b4 33. Bxb4
f4 34. d6 f3 35. d7 h5 36. d8=Q h4 37. Ne4 Kh7 38. Qxh4+ Kg6 39. Qg5+ Kh7 40.
Qh5# 1-0

[Event "HUN Team League Ch. Csongrad Region"]
[Site "Csongrád County"]
[Date "2015.11.22"]
[Round "5.3"]
[White "Varga, Gabor"]
[Black "Tornyai, Jeno"]
[Result "0-1"]
[WhiteElo "1518"]
[BlackElo "1903"]
[PlyCount "78"]
[EventDate "2015.09.20"]

1. e4 d5 2. exd5 Nf6 3. Nc3 Nxd5 4. Nxd5 Qxd5 5. Nf3 Nc6 6. d4 e5 7. dxe5 Qxd1+
8. Kxd1 Bg4 9. Be2 O-O-O+ 10. Bd2 Bc5 11. Rf1 Rhe8 12. h3 Bh5 13. g4 Bg6 14.
Nh4 Nxe5 15. Nxg6 Nxg6 16. f4 Be3 17. Bd3 c5 18. Bxe3 Rxe3 19. f5 Ne5 20. Re1
Rxe1+ 21. Kxe1 Nxd3+ 22. cxd3 Rxd3 23. Rc1 b6 24. b4 Rxh3 25. bxc5 Rh1+ 26. Kd2
Rxc1 27. Kxc1 bxc5 28. Kc2 Kc7 29. Kc3 f6 30. Kc4 Kc6 31. a3 g6 32. fxg6 hxg6
33. a4 a5 34. Kc3 Kd5 35. Kd3 f5 36. gxf5 gxf5 37. Kc3 f4 38. Kd3 c4+ 39. Kc3
Kc5 0-1

[Event "HUN Team League Ch. Csongrad Region"]
[Site "Csongrád County"]
[Date "2015.11.22"]
[Round "5.3"]
[White "Vanya, Janos"]
[Black "Nogradi, Erik"]
[Result "1-0"]
[WhiteElo "1919"]
[BlackElo "1475"]
[PlyCount "93"]
[EventDate "2015.09.20"]

1. d4 d5 2. c4 c6 3. Nc3 Nf6 4. Nf3 Bf5 5. e3 e6 6. Be2 Bb4 7. O-O O-O 8. Qb3
Ba5 9. Ne5 Qc7 10. Bd2 Nbd7 11. Nxd7 Qxd7 12. Rad1 Bc7 13. c5 Ne4 14. Nxe4 Bxe4
15. f4 b5 16. cxb6 axb6 17. a3 b5 18. Bb4 Bd6 19. Rc1 Bxb4 20. Qxb4 Rfc8 21.
Rc5 f6 22. Rfc1 Bg6 23. Qc3 Be8 24. Bxb5 Ra5 25. b4 Rxb5 26. Rxb5 Qa7 27. Ra5
Qf7 28. Qc2 Qh5 29. b5 Bg6 30. Qd2 Be8 31. bxc6 Rxc6 32. Rxc6 Bxc6 33. Rc5 Bb7
34. Rc1 e5 35. fxe5 fxe5 36. Qf2 exd4 37. exd4 Ba6 38. h3 Bb5 39. Rc8+ Be8 40.
g4 Qg6 41. Qf5 Qxf5 42. gxf5 Kf7 43. Rc5 Kf6 44. Rxd5 Bf7 45. Rc5 Bb3 46. h4
Ke7 47. Kf2 1-0

[Event "HUN Team League Ch. Csongrad Region"]
[Site "Csongrád County"]
[Date "2015.11.22"]
[Round "5.3"]
[White "Farkas, Virag"]
[Black "Balogh, Ferenc"]
[Result "0-1"]
[WhiteElo "1405"]
[BlackElo "1870"]
[PlyCount "90"]
[EventDate "2015.09.20"]

1. d4 Nf6 2. e3 b6 3. Bd3 Bb7 4. Nf3 e6 5. Nbd2 Na6 6. c3 c5 7. e4 Nc7 8. e5
Ng8 9. O-O d6 10. Ne4 Bxe4 11. Bxe4 d5 12. Bd3 c4 13. Bc2 a6 14. Re1 Ne7 15.
Bg5 Qd7 16. Rb1 h6 17. Bd2 Nc6 18. b3 b5 19. bxc4 dxc4 20. a4 Rb8 21. Qe2 Be7
22. Be4 Nd5 23. Bxd5 Qxd5 24. Qe4 Qxe4 25. Rxe4 Kd7 26. axb5 Rxb5 27. Rxb5 axb5
28. Re1 Ra8 29. Rb1 Ra5 30. Ne1 Na7 31. Nc2 Ra2 32. Rc1 Nc6 33. Bf4 Na5 34. Ra1
Rxc2 35. Rxa5 Rxc3 36. Rxb5 Rb3 37. Rxb3 cxb3 38. Bc1 Kc6 39. Kf1 Kd5 40. Ke2
Kc4 41. Ke3 Bb4 42. f3 Bc3 43. Ba3 Bxd4+ 44. Ke4 b2 45. Bxb2 Bxb2 0-1

[Event "HUN Team League Ch. Csongrad Region"]
[Site "Csongrád County"]
[Date "2015.11.22"]
[Round "5.3"]
[White "Bodo, Imre"]
[Black "Daroczi, Donat"]
[Result "1-0"]
[WhiteElo "1783"]
[BlackElo "1357"]
[PlyCount "63"]
[EventDate "2015.09.20"]

1. d4 d5 2. c4 e6 3. Nc3 Nf6 4. Bg5 c5 5. dxc5 Bxc5 6. e3 Be7 7. cxd5 exd5 8.
Nf3 Nc6 9. Bb5 O-O 10. h3 h6 11. Bh4 a6 12. Ba4 Be6 13. O-O Qd6 14. Qd2 Ne5 15.
Nxe5 Qxe5 16. Bg3 Qg5 17. h4 Qg6 18. Rac1 Nh5 19. Bc2 Qg4 20. Nxd5 Bxd5 21.
Qxd5 Nxg3 22. fxg3 Qxg3 23. Qe4 g6 24. Qxe7 Rae8 25. Rf3 Qg4 26. Qf6 Rc8 27.
Qf4 Qd7 28. Rd1 Qb5 29. Bb3 h5 30. Bxf7+ Kh7 31. Bxg6+ Kxg6 32. Rd6+ 1-0

[Event "HUN Team League Ch. Csongrad Region"]
[Site "Csongrád County"]
[Date "2015.11.22"]
[Round "5.3"]
[White "Miko, Vince"]
[Black "Pluhar, Andras"]
[Result "0-1"]
[WhiteElo "1347"]
[BlackElo "1646"]
[PlyCount "108"]
[EventDate "2015.09.20"]

1. e4 e5 2. Nf3 Nc6 3. Bc4 Bc5 4. Nc3 Nf6 5. d3 h6 6. O-O O-O 7. Be3 Bb6 8.
Bxb6 axb6 9. d4 d6 10. h3 Bd7 11. Qd2 Re8 12. Rfe1 exd4 13. Nxd4 Ne5 14. Qe2 c6
15. Bb3 Qc7 16. Nf3 Rad8 17. Rad1 Ng6 18. Qc4 Be6 19. Qd3 Ne5 20. Nxe5 dxe5 21.
Qe3 Bxb3 22. axb3 Nd7 23. Qf3 Nc5 24. Rxd8 Rxd8 25. Rd1 Ne6 26. Rxd8+ Qxd8 27.
Qd3 Qxd3 28. cxd3 Nc5 29. Na4 Nxd3 30. Kf1 b5 31. Nc3 Nc5 32. Ke2 Nxb3 33. Nd1
Kf8 34. Ne3 Nd4+ 35. Kd3 Ke7 36. Kc3 Kd6 37. Kb4 b6 38. g3 c5+ 39. Kc3 b4+ 40.
Kd3 b5 41. Nd5 f5 42. Ne3 c4+ 43. Kd2 fxe4 44. Nc2 Nxc2 45. Kxc2 Kc5 46. Kd2
Kd4 47. Kc2 c3 48. bxc3+ bxc3 49. h4 h5 50. f4 exf3 51. g4 f2 52. g5 f1=Q 53.
g6 Qe2+ 54. Kb3 Qb2# 0-1

[Event "HUN Team League Ch. Csongrad Region"]
[Site "Csongrád County"]
[Date "2015.11.22"]
[Round "5.3"]
[White "Balogh, Judit Dora"]
[Black "Febert, Richard"]
[Result "1-0"]
[WhiteElo "1551"]
[BlackElo "1340"]
[PlyCount "67"]
[EventDate "2015.09.20"]

1. d4 d5 2. Nf3 Nf6 3. g3 g6 4. Bg2 Bg7 5. O-O O-O 6. Re1 Nc6 7. Bf4 Bf5 8. Qc1
Re8 9. c3 Qd7 10. Na3 a6 11. Nc2 Be4 12. Rd1 Bxc2 13. Qxc2 h6 14. h4 Kh7 15.
Ne5 Qe6 16. Kh2 Nxe5 17. dxe5 Ng4+ 18. Kg1 Bxe5 19. Bxd5 Qf6 20. Qe4 Bxf4 21.
Qxf4 Qxf4 22. gxf4 e6 23. Bxb7 Rab8 24. Bc6 Rf8 25. b3 Rb6 26. Bg2 Rd6 27. Rd4
Rfd8 28. Rad1 Rxd4 29. cxd4 e5 30. fxe5 Nxe5 31. e3 Kg7 32. Rc1 Nd7 33. Rxc7
Nf6 34. Rc6 1-0

[Event "HUN Team League Ch. Csongrad Region"]
[Site "Csongrád County"]
[Date "2015.11.22"]
[Round "5.3"]
[White "Kocsmar, Akos"]
[Black "Gyemant, Karoly"]
[Result "1-0"]
[WhiteElo "1291"]
[BlackElo "1625"]
[PlyCount "47"]
[EventDate "2015.09.20"]

1. c4 e6 2. d4 d5 3. Nf3 f5 4. Bf4 c6 5. e3 Nf6 6. Ne5 Be7 7. Nc3 O-O 8. Be2
Ne4 9. Nxe4 fxe4 10. O-O Nd7 11. c5 Nxe5 12. Bxe5 b6 13. b4 a5 14. a3 axb4 15.
axb4 Rxa1 16. Qxa1 b5 17. Qd1 Bd7 18. Bh5 Be8 19. Qg4 g6 20. Qxe6+ Rf7 21. Bxg6
hxg6 22. Qxg6+ Kf8 23. Qh6+ Kg8 24. Qh8# 1-0

[Event "HUN Team League Ch. Csongrad Region"]
[Site "Csongrád County"]
[Date "2015.11.22"]
[Round "5.3"]
[White "Koszta, Benedek"]
[Black "Tamas, Attila"]
[Result "1-0"]
[WhiteElo "1510"]
[BlackElo "1212"]
[PlyCount "113"]
[EventDate "2015.09.20"]

1. e4 e5 2. Nc3 Nf6 3. Bc4 Bb4 4. d3 Bxc3+ 5. bxc3 h6 6. Ne2 d6 7. O-O Qe7 8.
f4 Bg4 9. h3 Bxe2 10. Qxe2 Nbd7 11. f5 Nb6 12. Bb3 O-O-O 13. Be3 Nfd7 14. a4 a5
15. c4 Nc5 16. Bxc5 dxc5 17. Qd2 Kb8 18. Qxa5 Qd6 19. Qc3 Qd4+ 20. Qxd4 Rxd4
21. a5 Nc8 22. Rab1 Rd6 23. Ba4 Na7 24. Bb5 Kc8 25. Rb2 Nxb5 26. Rxb5 Ra6 27.
Rxc5 f6 28. Rb5 c6 29. Rb6 Kc7 30. Rxa6 bxa6 31. Rb1 Ra8 32. h4 h5 33. c5 Rg8
34. Rb6 Ra8 35. Kf2 Ra7 36. Ke3 Kd7 37. c3 Kc7 38. d4 Ra8 39. g3 g5 40. hxg5
fxg5 41. dxe5 h4 42. gxh4 gxh4 43. Kf3 Rg8 44. Rxa6 Kb7 45. Rb6+ Kc7 46. Rb2 h3
47. Rh2 Re8 48. e6 Ra8 49. Rxh3 Rxa5 50. f6 Rxc5 51. f7 Rxc3+ 52. Kg4 Rc4 53.
f8=Q Rxe4+ 54. Kf5 Re1 55. e7 Kb6 56. Rb3+ Kc7 57. Qd8# 1-0

[Event "HUN Team League Ch. Csongrad Region"]
[Site "Csongrád County"]
[Date "2015.11.22"]
[Round "5.4"]
[White "Csikos, Mihaly"]
[Black "Tenk, Zoltan"]
[Result "1-0"]
[WhiteElo "2105"]
[BlackElo "1947"]
[PlyCount "51"]
[EventDate "2015.09.20"]

1. c4 c5 2. Nc3 Nc6 3. g3 g6 4. Bg2 Bg7 5. e3 d6 6. a3 Nf6 7. Nge2 O-O 8. O-O
e5 9. d3 Be6 10. Qa4 Qd7 11. Rb1 d5 12. Rd1 d4 13. exd4 exd4 14. Ne4 Nxe4 15.
Bxe4 f5 16. Bg2 Rfe8 17. Nf4 Bf7 18. b4 cxb4 19. axb4 Re7 20. b5 Ne5 21. Ba3
Ree8 22. Nd5 Be6 23. Bc5 Rac8 24. Qxa7 b6 25. Bxb6 Qxa7 26. Bxa7 1-0

[Event "HUN Team League Ch. Csongrad Region"]
[Site "Csongrád County"]
[Date "2015.11.22"]
[Round "5.4"]
[White "Blazsik, Zoltan"]
[Black "Kovacs, Arthur Dr"]
[Result "1/2-1/2"]
[WhiteElo "1868"]
[BlackElo "2006"]
[PlyCount "36"]
[EventDate "2015.09.20"]

1. d4 d5 2. c4 e6 3. Nc3 Be7 4. Nf3 Nf6 5. e3 O-O 6. a3 c5 7. dxc5 Bxc5 8. b4
Be7 9. Bb2 dxc4 10. Bxc4 a6 11. O-O b5 12. Be2 Bb7 13. Rc1 Qxd1 14. Rfxd1 Rd8
15. a4 Nc6 16. axb5 axb5 17. Bxb5 Nxb4 18. Rxd8+ Rxd8 1/2-1/2

[Event "HUN Team League Ch. Csongrad Region"]
[Site "Csongrád County"]
[Date "2015.11.22"]
[Round "5.4"]
[White "Kelemen, David"]
[Black "Vidakovics, Istvan"]
[Result "1/2-1/2"]
[WhiteElo "1902"]
[BlackElo "1966"]
[PlyCount "58"]
[EventDate "2015.09.20"]

1. e4 e5 2. Nf3 Nc6 3. Bb5 a6 4. Ba4 Nf6 5. O-O Be7 6. Re1 b5 7. Bb3 O-O 8. a4
Bb7 9. d3 d6 10. c3 d5 11. exd5 Nxd5 12. Nxe5 Nxe5 13. Rxe5 Bd6 14. Re1 Qh4 15.
h3 Nf4 16. Bxf4 Qxf4 17. g3 Qf5 18. Qg4 Qxd3 19. Rd1 Rae8 20. Na3 Qe2 21. axb5
Qxb2 22. bxa6 Bxa6 23. Nc4 Bxc4 24. Qxc4 Qe2 25. Ra2 Qxc4 26. Bxc4 g6 27. Bd5
Re5 28. c4 Kg7 29. Ra6 Re2 1/2-1/2

[Event "HUN Team League Ch. Csongrad Region"]
[Site "Csongrád County"]
[Date "2015.11.22"]
[Round "5.4"]
[White "Valyi, Blanka Borbala"]
[Black "Martonosi, Adam"]
[Result "1-0"]
[WhiteElo "1895"]
[BlackElo "1769"]
[PlyCount "57"]
[EventDate "2015.09.20"]

1. d4 g6 2. Nf3 Bg7 3. c4 c5 4. g3 cxd4 5. Nxd4 Nc6 6. Nxc6 bxc6 7. Bg2 Nf6 8.
O-O O-O 9. Nd2 Rb8 10. Rb1 d5 11. cxd5 cxd5 12. Qa4 Bf5 13. e4 dxe4 14. Nxe4
Qd3 15. Nxf6+ Bxf6 16. Bh6 Rfd8 17. Rbd1 Qc2 18. Rxd8+ Rxd8 19. Qxc2 Bxc2 20.
b3 Bd4 21. Rc1 Bf5 22. Rc7 Bb6 23. Rxe7 Rd1+ 24. Bf1 f6 25. Kg2 Bh3+ 26. Kxh3
Rxf1 27. Rg7+ Kh8 28. Rf7 Bc5 29. Rc7 1-0

[Event "HUN Team League Ch. Csongrad Region"]
[Site "Csongrád County"]
[Date "2015.11.22"]
[Round "5.4"]
[White "Hajnal, Bence"]
[Black "Berczi, Peter"]
[Result "0-1"]
[WhiteElo "1754"]
[BlackElo "1797"]
[PlyCount "98"]
[EventDate "2015.09.20"]

1. g3 c5 2. Bg2 Nf6 3. b3 Nc6 4. Bb2 d5 5. e3 b6 6. d3 Bb7 7. Nd2 e6 8. Ne2 Be7
9. a3 Qc7 10. h3 O-O-O 11. O-O h5 12. b4 h4 13. g4 Ne8 14. b5 Ne5 15. f4 Nd7
16. Nf3 Bf6 17. Bxf6 gxf6 18. a4 Nd6 19. Qd2 e5 20. fxe5 fxe5 21. a5 Rdg8 22.
axb6 axb6 23. Ra7 Nxb5 24. Ra2 Nd6 25. Rfa1 f5 26. Nh2 Nf6 27. g5 Rxg5 28. Kh1
Rhg8 29. Bf3 e4 30. dxe4 dxe4 31. Ra8+ Bxa8 32. Rxa8+ Kb7 33. Rxg8 Rxg8 34. Bg2
Rd8 35. Nf4 Qd7 36. Nf1 Nc4 37. Qc3 Qf7 38. Kh2 Kc6 39. Qa1 Rd6 40. Qa4+ b5 41.
Qa6+ Nb6 42. Nd3 Nfd7 43. Qa1 Qf6 44. Qa2 Ne5 45. Nf4 Nf3+ 46. Kh1 Ne1 47. Qg8
Rd8 48. Qg6 Qxg6 49. Nxg6 Nxg2 0-1

[Event "HUN Team League Ch. Csongrad Region"]
[Site "Csongrád County"]
[Date "2015.11.22"]
[Round "5.4"]
[White "Boa, Bence"]
[Black "Miseta, Zsuzsanna"]
[Result "1-0"]
[WhiteElo "1688"]
[BlackElo "1718"]
[PlyCount "63"]
[EventDate "2015.09.20"]

1. d4 d5 2. c4 e6 3. Nc3 Nc6 4. Nf3 g6 5. Bg5 Be7 6. Bxe7 Ngxe7 7. e3 f6 8. Qb3
O-O 9. cxd5 Nxd5 10. Nxd5 Qxd5 11. Bc4 Qd6 12. Qc3 Qb4 13. Qxb4 Nxb4 14. O-O
Kg7 15. Rac1 Bd7 16. a3 Nc6 17. Bb5 Rac8 18. Nd2 Rfd8 19. Ne4 Nxd4 20. Bxd7
Ne2+ 21. Kh1 Nxc1 22. Bxc8 Nd3 23. Bxb7 Nxb2 24. Nc5 Rd6 25. g3 Nc4 26. a4 Rb6
27. Rc1 Nb2 28. a5 Rd6 29. Rc2 Nd3 30. Nxd3 Rxd3 31. Rxc7+ Kg8 32. a6 1-0

[Event "HUN Team League Ch. Csongrad Region"]
[Site "Csongrád County"]
[Date "2015.11.22"]
[Round "5.4"]
[White "Jakso, Abel"]
[Black "Szajbely, Samuel Janos"]
[Result "0-1"]
[WhiteElo "1265"]
[BlackElo "1574"]
[PlyCount "80"]
[EventDate "2015.09.20"]

1. d4 Nf6 2. Nf3 g6 3. Bf4 Bg7 4. e3 O-O 5. Nbd2 d6 6. h3 Nbd7 7. Be2 c5 8. c3
a6 9. O-O b5 10. a3 Nb6 11. b3 Nfd5 12. Nb1 Bf5 13. Bd3 Bxd3 14. Qxd3 c4 15.
Qc2 Nxf4 16. exf4 Rc8 17. b4 Bh6 18. f5 Nd5 19. fxg6 hxg6 20. Re1 Nf4 21. Re4
d5 22. Re1 Nd3 23. Re2 Nf4 24. Re1 Nd3 25. Re2 Nc1 26. Re1 Nb3 27. Ra2 Rc6 28.
Nbd2 Qc7 29. Nxb3 cxb3 30. Qxb3 Rxc3 31. Qxd5 e6 32. Qe5 Qc4 33. Qc5 Qb3 34.
Qb6 Qxa2 35. Qxa6 Qxa3 36. Qxb5 Rb3 37. Ne5 Qxb4 38. Qxb4 Rxb4 39. Ng4 Kg7 40.
Nxh6 Kxh6 0-1